00357nam a2200109Ia 4500008004100000082001800041100002000059245005500079260002700134630001800161650006800179211122s9999||||xx |||||||||||||| ||und|| a327.54bTHA-P aTharoor, Shashi 0aPax Indica:India And The World Of The 21St Century bPenguin BooksaHaryana xGeneral Stack aEnglishvSOCIAL SCIENCEPOLITICAL SCIENCEINTERNATIONAL RELATIONS